000
00352 a2200169 4500
001
171466
020
_a
85-322-0018-4
040
_c
Magnum
100
_a
Galdino, Luiz
240
1
0
_a
O mágico errado
_l
por
245
1
0
_a
O mágico errado
300
_a
31
362
0
_a
1990
440
1
_a
FTD
697
_a
LITERATURA INFANTO-JUVENIL
942
_c
BK
999
_c
171466
_d
171466